Paroles - Quand la musique est bonne - Jean-Jacques Goldman - Statistiques

Statistiques générales
  • Ce quiz a été pris 364 fois
  • Le résultat moyen est 353 sur 406
Statistiques - réponses
Réponse % Correct
musique
98%
quand
98%
Quand
98%
bonne
97%
Bonne
97%
la
97%
est
95%
le
95%
elle
93%
J'ai
93%
les
93%
sonne
93%
pas
92%
Pas
92%
me
91%
sur
90%
trop
90%
donne
88%
Donne
88%
saigné
87%
dans
86%
ne
85%
de
84%
un
83%
Un
83%
Et
82%
et
82%
Gibson
81%
guide
80%
mes
80%
triche
79%
ma
78%
plus
78%
qui
78%
en
77%
une
76%
peu
75%
pour
75%
ça
73%
rôdé
73%
d'amour
72%
Des
72%
c'est
71%
C'est
71%
temps
71%
Y'a
71%
mémoire
70%
noir
70%
toujours
70%
autre
69%
histoire
69%
blues
67%
j'voyage
67%
road
66%
se
64%
caisses
61%
j'suis
61%
notes
61%
étincelle
60%
tard
60%
Trois
60%
faire
59%
j'me
59%
vent
59%
ailes
58%
champs
58%
décibels
58%
d'où
58%
Mais
58%
Tobacco
58%
qu'les
57%
vient
57%
casse
56%
d'coton
55%
mal
55%
suffit
55%
fraude
54%
j'sais
54%
résonnent
54%
recours
53%
court
52%
swing
52%
brisent
50%
plomb
50%
d'humour
47%
mine
47%
belle
46%
clou
46%
qu'un
46%
l'usine
45%
trucs
45%
King
42%
l'amour
37%
feeling
36%
Aucun quiz correspondant
Distribution des résultats
% des personnes avec chaque résultat
Percentile par nombre de réponses
Votre historique - résultats
Vous n’avez pas pris ce quiz